00310nam a2200121Ia 4500008004100000040001700041041001200058082001700070100002000087245003800107260003100145300001200176230917s9999||||xx |||||||||||||| ||und|| e110480aMAIN aEnglish a658.15 K849C aKothari, Rajesh 0aContemporary financial management aNew DelhibMacmillanc2005 a468p p.